DISEASES OF EAR, NOSE AND THROAT & HEAD AND NECK SURGERY (Record no. 18607)

MARC details
000 -LEADER
fixed length control field 00336nam a22001457a 4500
003 - CONTROL NUMBER IDENTIFIER
control field SGT
082 ## - DEWEY DECIMAL CLASSIFICATION NUMBER
Classification number 617.51
Item number D15D
100 ## - MAIN ENTRY--PERSONAL NAME
Personal name DHINGRA, PL
245 ## - TITLE STATEMENT
Title DISEASES OF EAR, NOSE AND THROAT & HEAD AND NECK SURGERY
250 ## - EDITION STATEMENT
Edition statement 6TH
260 ## - PUBLICATION, DISTRIBUTION, ETC. (IMPRINT)
Place of publication, distribution, etc INDIA
Name of publisher, distributor, etc ELSEVIER PUB
Year of Publication 2015
300 ## - PAGE DESCRIPTION
No. of Pages 476
650 ## - SUBJECT ADDED ENTRY--TOPICAL TERM
Topical term or geographic name as entry element HOMOEOPATHIC
942 ## - ADDED ENTRY ELEMENTS (KOHA)
Source of classification or shelving scheme Dewey Decimal Classification
Koha item type Books
Holdings
Withdrawn status Lost status Source of classification or shelving scheme Damaged status Not for loan Home library Current library Shelving location Date acquired Vendor Name Cost, normal purchase price SGTU Bill Number Total Checkouts Full call number Accession No. (Barcode) Date last seen Bill Date Koha item type
    Dewey Decimal Classification     Homeopathy Library Homeopathy Library Text Book 29/07/2019 ABC, PUB 1175.00 SGTU 7136   617.51 D15D FH788 29/07/2019 09/08/2016 Books
    Dewey Decimal Classification     Homeopathy Library Homeopathy Library Text Book 29/07/2019 ABC, PUB 1175.00 SGTU 7136   617.51 D15D FH789 29/07/2019 09/08/2016 Books
    Dewey Decimal Classification     Homeopathy Library Homeopathy Library Text Book 29/07/2019 ABC, PUB 1175.00 SGTU 7136   617.51 D15D FH790 29/07/2019 09/08/2016 Books